| 000 | 01014nam a22002177a 4500 | ||
|---|---|---|---|
| 999 |
_c8452 _d8452 |
||
| 003 | GBCCL | ||
| 005 | 20241126110651.0 | ||
| 008 | 210219b ||||| |||| 00| 0 eng d | ||
| 020 | _a9781481302562 (hardback : alk. paper) | ||
| 040 | _cgbc | ||
| 082 |
_a232 _bOCO |
||
| 100 |
_aO'Collins, Gerald. _914817 |
||
| 245 |
_aChristology : _borigins, developments, debates / _cGerald O'Collins, SJ. |
||
| 260 |
_aWaco, Texas : _bBaylor University Press, _c[2015] |
||
| 300 |
_aviii, 208 pages ; _b24 cm |
||
| 504 | _aIncludes bibliographical references and index. | ||
| 505 | _aChristology : the last fifty years -- Revisiting the person of Jesus -- Revisiting the work of Jesus -- Paul as a witness to the risen Jesus -- Peter as witness to easter -- The priesthood of Christ and followers of other faiths -- Jacques Dupuis and religious pluralism -- Jacques Dupuis and Karl Rahner. | ||
| 650 |
_aJesus Christ _vPerson and offices. _910283 |
||
| 650 |
_aJesus Christ _vHistory of doctrines. _914818 |
||
| 942 |
_2ddc _cBK _06 |
||